| 000 | 00696nam a2200205Ii 4500 | ||
|---|---|---|---|
| 003 | JO-AjNU | ||
| 008 | 230605s9999||||xx |||||||||||||| ||und|| | ||
| 017 | _a1981/342 | ||
| 040 |
_aJO-AjNU _bara _erda _cJO-AjNU |
||
| 041 | _aara | ||
| 050 | 1 | 4 | _aHA31.2.W34.1981 |
| 100 | 3 |
_aنوري، وليد عبدالحميد/عبد الحميد حمزة الناصر, _eauthor _938471 |
|
| 245 | 0 | 0 | _aالعينات |
| 264 | 3 | 1 | _aالجمهورية العراقية:وزارة التعليم العالي والبحث العلمي،1981 |
| 300 | _a163ص | ||
| 336 |
_atext _btxt _2rdacontent |
||
| 337 |
_aunmediated _bn _2rdamedia |
||
| 338 |
_avolume _bnc _2rdacarrier |
||
| 650 | 4 |
_aاحصاء _938472 |
|
| 999 |
_aA16166 _c19734 _d19734 |
||